000 01310nam a2200205 i 4500
001 156074
003 ES-MaACL
005 20230906210318.0
008 931025s1787 sp |||| | spa d
040 _aCAM
_bspa
_cPAB
100 1 _aIriarte, Tomás de (
_d1750-1791)
_965443
245 1 0 _aColeccion de obras en verso y prosa /
_cde Tomás de Yriarte ; tomo I [-VI].
260 _aEn Madrid :
_ben la imprenta de Benito Cano,
_c1787.
300 _a6 t. (XXI, [3], 298, XLIV p., [1] h. en bl. ; XIV, 336 p. ; XX, 331 p. ; lII, 326 p. , [1] h. en bl ; [10], 356 p., [1] h. en bl. ; IV, 403 p.) ;
_c20 cm.
505 8 _at. I. Fabulas Literarias y la Musica, Poema -- t. II. Varias Poesias -- t. III. Los quatro primeros Libros de la Eneida de Virgilio, traducidos en verso Castellano -- t. IV. La Traduccion en verso de la Epístola de Horacio á los Pisones, y la Comedia intitulada El Señorito Mimado -- t. V. La comedia intitulada El Filósofo casado, la Tragedia del Huerfano de la China, y La Libreria, drama en un Acto -- t. VI. obras criticas
597 _aSign. : *8, 2*4, A-X8, Y3 * ; A-Y8, Z4 ; A-Y8 ; [ ]3, A-Z8, 2A5 ; A-Y8, Z7 ; :[ ]4, A-Z8, 2A-2B8, 2C2.
597 _aAntep.
597 _aSegunda obra con portada propia.
852 _aES-MaACL
_jR-1204-09
_z-- Enc. piel
_xOlim:G-7490-5
999 _c156074
_d156074